000 01326nam a2200361 a 4500
001 000110701
003 CHAP
005 20220329144143.0
008 140926s2014 mx | |sm |||||||spa|d
010 _a107163
011 _a108135
040 _cCHAP
090 _aTesis
100 1 _aMontiel Rule, José de Jesús
_9128522
245 1 0 _aRespuestas de defensa en plantas de chile (Capsicum annuum L.) inoculadas con el nemátodo Nacobbus aberrans Thorne and Allen, 1944
_h[En línea]
_cpor José de Jesús Montiel Rule y Miguel Ángel José Antonio.
260 _aChapingo, Méx. :
_bEl autor,
_c2014.
500 _aPara ver el contenido del material haga clic en la liga
502 _aTesis (Ing. Agr. Esp. en Fitotecnia) -- UACH. Departamento de Fitotecnia
590 _aBATCH-UPD
_b05
_c20141002
_lUCH01
_h0758
590 _aE792CSJ
_b05
_c20140926
_lUCH01
_h1434
590 _aE792CSJ
_b05
_c20140926
_lUCH01
_h1434
650 1 4 _aChile (Botánica)
_922341
650 1 4 _aFenoles.
_940041
650 1 4 _aFlavonoides.
_941237
650 1 4 _aLignina.
_966757
650 1 4 _aNacobbus aberrans.
_980022
650 1 4 _aNemátodos.
_980819
700 1 _aJosé Antonio, Miguel Ángel
_9128523
856 _aFinding aid
_uhttp://10.13.5.2/tesis/sist110701.pdf
_zTeclea aquí
901 _aBK
942 _cTESIS
942 _n0
999 _c107163
_d107163